00427nam a2200121Ia 4500008004100000082002000041100002000061245002700081260004000108300001000148630001800158650012900176211109s9999||||xx |||||||||||||| ||und|| a894.812 bGUP-A aGupthan Nair, S 0aAnchu Leghu Natakangal bNational Book StallaKottayamc1957 a119p. xGeneral Stack aLiterature & rhetoricvLiteratures of other languagesAltaic, Uralic, Hyperborean & Dravidianmalayalam literature xGeneralia